Resident Evil 4 Remake (2023) Quiz - Statistics

General Stats
  • This quiz has been taken 316 times
  • The average score is 11 of 26
Answer Stats
Hint Answer % Correct
The main protagonist and co-protagonist of 2019's Resident Evil 2 Remake. Leon Kennedy
96%
Spy/mercenary who stars in Separate Ways. Ada Wong
95%
The president's daughter, who the above was sent to rescue. Ashley Graham
89%
The mysterious Spanish scientist and former Umbrella employee who offers to help the protagonist. Luis Serra
79%
Boss enemy, former mentor of the protagonist. Krauser
70%
Leader of the Los Iluminados cult. Osmund Saddler
67%
The parasite used by the cult. Las Plagas
64%
Ada Wong's employer and antagonist of Resident Evil 5. Wesker
63%
The number of chapters in the game. 16
60%
Codenamed "Roost," the protagonist's contact in the United States. Hunnigan
60%
Small, irritable man residing in the Castle section, with a penchant for the theatre. One of the main antagonists. Ramon Salazar
56%
One of the above's lackeys, the former village chief. Bitores Mendez
48%
Currency used to buy items off the merchant. Pesetas
47%
The infected villagers and townsfolk that serve as the most common enemy type. Ganado
40%
Luis Serra's handgun. Red9
37%
The parasite sample Ada has been sent to collect. Amber
33%
How Ashley wards off Armaduras during her playable section. Lantern
26%
The story the above is fond of. Don Quixote
21%
Ada Wong's default handgun. Blacktail
19%
Voice actor for Leon Kennedy. Nick Apostolides
11%
Ada's eye-tracking technology in Separate Ways. IRIS
9%
The pursuer-type enemy for Separate Ways. Pesanta
9%
Name of the region the game takes place in. Valdelobos
7%
Voice actor for Ada Wong. Lily Gao
6%
Voice actor for Luis Serra. Andre Pena
3%
Voice actor for Ashley Graham. Genevieve Buechner
2%
No matching quizzes found
Score Distribution
Percent of People with Each Score
Percentile by Number Answered
Your Score History
You have not taken this quiz